| 000 | 01476cam a2200277 4500 | ||
|---|---|---|---|
| 001 | ABS65774 | ||
| 008 | 020718n2002 000 0 eng u | ||
| 035 | _a(Sirsi) u118890 | ||
| 100 | _aMagee, C | ||
| 245 | _aBrownfield renewal: three new solutions | ||
| 260 | _c2002 | ||
| 490 |
_aRegeneration and Renewal _v12 July 2002, 16-17(2) |
||
| 520 | _aIllustrates how three councils have developed innovative solutions to reclaim contaminated urban land. A common theme with each approach is the emphasis on providing a strategic vision and longer term focus for the development area. Halton Council set up a joint venture company in 1998, Widnes Regeneration, with St Modwen Developments. The joint venture company is currently active on six brownfield projects and has drawn attention to regeneration issues facing Halton. Kirklees Metropolitan BC adopted a development team approach which offers a technical procedural policy and to some extent a political clearing house for new development proposals. Medway Council adopted a comprehensive approach by establishing a development plan for its main brownfield areas and a programme of compulsory purchase. | ||
| 590 | _aABS | ||
| 650 | _aBROWNFIELD LAND | ||
| 650 | _aDEVELOPMENT | ||
| 650 | _aURBAN LAND | ||
| 650 | _aHALTON | ||
| 650 | _aMEDWAY | ||
| 650 | _aKIRKLEES | ||
| 650 | _aLOCAL AUTHORITIES | ||
| 650 | _aCONTAMINATED LAND | ||
| 650 | _aRECLAMATION | ||
| 690 | _aREGENERATION | ||
| 942 | _n0 | ||
| 999 |
_c70766 _d70766 |
||